[Event "EU-ch 4th"]
[Site "Istanbul"]
[Date "2003.06.03"]
[Round "5"]
[White "Atalik, Suat"]
[Black "Zvjaginsev, Vadim"]
[Result "1/2-1/2"]
[WhiteElo "2568"]
[BlackElo "2664"]
[Annotator "Atalik,S"]
[PlyCount "94"]
[EventDate "2003.05.30"]
[EventType "swiss"]
[EventRounds "13"]
[EventCountry "TUR"]
[SourceTitle "CBM 096"]
[Source "ChessBase"]
[SourceDate "2003.09.25"]
[SourceVersion "1"]
[SourceVersionDate "2003.09.25"]
[SourceQuality "1"]

1. d4 d5 2. c4 e6 3. Nf3 Nf6 4. Nc3 Be7 5. Bf4 c5 $5 ({He seemingly does not
like} 5... O-O 6. e3 c5 7. dxc5 Bxc5 8. cxd5 Nxd5 9. Nxd5 exd5 10. a3 Nc6 11.
Bd3 Bb6 12. O-O $13) 6. dxc5 Na6 7. e3 (7. Bd6 $5 Nxc5 (7... dxc4 8. Qd4 $1 (8.
e4 $2 Nxc5 9. Bxe7 Qxe7 10. e5 Nd5 11. Bxc4 Nxc3 12. bxc3 O-O 13. O-O Bd7 $15)
(8. Qa4+ $2 Bd7 9. Qxc4 Bxd6 10. cxd6 Qb6 $15) 8... b6 $1 (8... Nb4 9. O-O-O)
9. Bxe7 Qxd4 10. Nxd4 Kxe7 11. Nc6+ Kf8 12. cxb6 axb6 13. O-O-O Bb7 14. Ne5 $16
) 8. Bxe7 Qxe7 9. cxd5 Nxd5 10. Nxd5 exd5 11. g3 Bf5 12. Bg2 O-O (12... Nd3+ $2
13. Kf1) 13. O-O Be4 $11) 7... Nxc5 8. cxd5 Nxd5 9. Bb5+ Bd7 10. Bxd7+ {
I have tried to avoid other capture since he might go for an interesting queen
sac.} (10. Nxd5 exd5 {leads to text but} (10... Bxb5 $5 11. Nc7+ Qxc7 12. Bxc7
Nd3+ 13. Kd2 Bb4+ 14. Kc2 Rc8 15. a3 Rxc7+ 16. Kb1 Be7 $44)) 10... Qxd7 11.
Nxd5 exd5 12. O-O O-O 13. Be5 {All of these were recommended in Mega2003 files.
} (13. Qe2 Bf6 14. Rfd1 Ne4 (14... Qe6 15. Nd4) 15. Nd4 Rac8 $13) 13... Rac8
14. Bd4 (14. Qe2 $5 Qf5 15. Rfd1 Rfd8 $13) (14. Qd4 Rfd8 15. Rac1 a6 (15... Ne4
16. Qxa7 Bc5 17. Qa5 Ra8 18. Qe1 Rxa2 19. Qe2 $14) 16. Rfd1 f6 17. Bg3 Ne4 $13)
14... a6 15. Rc1 {This leads to an equal game but how to proceed is a tough
question.} (15. Qe2 Ne4 16. Rad1 Qa4 17. b3 Qc6 18. Qb2 f6 19. Rc1 Qe6 $11)
15... Ne4 16. Qd3 Rxc1 17. Rxc1 Rc8 18. Rxc8+ Qxc8 19. Qd1 Bf6 $6 ({I would
have preferred this. At least it gives chances for both sides.} 19... f6) 20.
Bxf6 Nxf6 21. Nd4 $14 {White is slightly better. It is always nice to continue
the game when you have no real chances to lose the game and you can push how
you like. However one should not lose his objectivity like it happens with me
in such cases.} Ne4 {Draw offer} 22. f3 Nd6 23. Kf2 g6 {He cuts the legs of my
knight.} 24. Qc2 Qc4 25. b3 Qb4 26. g4 Nb5 $1 27. Ne2 {I have to keep the
knights.} (27. Nxb5 Qxb5 $11 {White has a microscopic advantage after that but
he can not possibly win this.}) 27... Qd6 28. Kg2 (28. Qc8+ Kg7 29. Qxb7 d4 30.
exd4 Nxd4 31. Nxd4 Qxd4+ $11) 28... Qe5 29. a4 Nc7 30. Qc3 $6 {This is not the
moment to exchange queens.} (30. Qd2 Ne6 31. Nd4 $11) 30... Qxc3 31. Nxc3 Kf8
32. Kf2 {I can not block the queenside side and bring the king at the same
time.} (32. a5 $6 Ke7 33. Kf2 Kd6 34. b4 Ne6 35. Ke2 d4 $17) 32... Ke7 33. Ke2
Kd6 34. b4 b6 $1 {Black takes over the initiative.} 35. Kd3 a5 36. bxa5 bxa5
37. f4 $2 {I can not calculate anymore or what?} (37. e4 $1 Kc5 (37... dxe4+
38. Nxe4+ Ke5 39. Ng5 $11) 38. exd5 Nxd5 39. Nxd5 Kxd5 40. g5 $1 Kc5 41. Kc3
Kd5 42. Kd3 Kc5 $11) 37... Kc5 38. f5 gxf5 39. gxf5 Na6 $2 {I do not know if
black can win this with his king at the corner squares but still he is a pawn
up.} ({After} 39... Ne8 $1 40. e4 dxe4+ 41. Nxe4+ Kb4 42. Ng5 Nd6 43. Nxh7 Kxa4
44. Kc3 Nxf5 45. Ng5 Nh6 $17) 40. Nb5 $5 {I have had to gamble.} (40. e4 $2
Nb4+ 41. Kd2 d4 (41... Kd4 42. exd5 Nxd5 43. Nb5+ Ke5 44. Kd3 Nb6 45. Nd4 Nxa4
46. Nc6+ Kxf5 47. Nxa5 Kf4 $17) 42. Nb5 Nc6 $17) 40... Nb4+ 41. Kc3 f6 $2 {
Black swindles himself. This gives white a draw too early.} ({What happened to
Dvoretsky school with all of these formulas for the endgames? Vadim spends f6
move way too early.} 41... Nc6 $1 42. Nd4 Kd6 $1 43. Nf3 $1 (43. Nxc6 $2 Kxc6
44. Kd4 (44. f6 Kc5) 44... f6 $19) 43... h6 44. h3 (44. Nd4 $2 Nxd4 45. Kxd4 f6
46. h3 h5 47. h4 Kc6 $19) 44... Ne7 45. f6 Nf5 46. Kd3 Kc5 $1 (46... Ke6 47.
Nd2 $132) (46... Ng3 47. Kd4 Ne4 48. Nh4 Ke6 49. Nf3 Nxf6 50. Ne5 Ne4 51. Nc6
$132) 47. e4 dxe4+ 48. Kxe4 Nd6+ 49. Ke5 Nc4+ 50. Ke4 Kd6 51. Nd4 Nb2 52. Kf5
$1 Kd5 53. Nb3 Nc4 54. h4 $11) 42. Nd4 Kd6 43. Nb3 Nc6 44. Nd4 $1 {Now it is a
draw.} Nb4 45. Nb3 Nc6 46. Nd4 Nd8 47. Nb3 Nc6 {Game is drawn due to threefold
repetition.} (47... Nb7 48. Kd4 Kc6 49. Kc3 h5 50. Kd4 h4 51. h3 Kd6 52. e4 $1
dxe4 53. Nd2 $11) 1/2-1/2

[Event "Brisbane Gipslis Memorial"]
[Site "Brisbane"]
[Date "2018.05.06"]
[Round "5"]
[White "Atalik, Suat"]
[Black "Solomon, Stephen J"]
[Result "1-0"]
[WhiteElo "2507"]
[BlackElo "2343"]
[Annotator "Atalik,S"]
[PlyCount "119"]
[EventDate "2018.05.04"]
[EventType "swiss"]
[EventRounds "7"]
[EventCountry "AUS"]
[SourceTitle "CBM 184"]
[Source "ChessBase"]
[SourceDate "2018.05.16"]
[SourceVersion "1"]
[SourceVersionDate "2018.05.16"]
[SourceQuality "1"]

1. d4 d5 2. c4 e6 3. Nc3 Nf6 4. Nf3 Be7 5. Bf4 {Back in the Blackburne System.}
O-O 6. e3 c5 7. dxc5 Nc6 $5 (7... Bxc5 {allowing the Nd5 capture is more
popular these days.} 8. a3 (8. cxd5 Nxd5 9. Nxd5 exd5 $13) 8... Nc6) 8. a3 $5 (
8. cxd5 exd5 9. Be2 Bxc5 10. O-O Be6 11. Rc1 Rc8 {is a tough nut to crack.})
8... Ne4 $5 {A serious alternative} ({to} 8... Bxc5 9. Qc2 Qa5 $13) 9. Rc1 $146
(9. Qc2 $5 Qa5 10. Rc1 Bf6 $132) (9. Nxe4 $2 dxe4 10. Qxd8 Rxd8 11. Nd2 e5 12.
Bg3 f5 $36) 9... Bf6 $5 {Ambitious!} (9... Nxc3 10. Rxc3 Bf6 11. Rc2 e5 12. Bg3
d4 13. Bd3 (13. exd4 e4 14. Ne5 Nxd4 15. Rd2 Qa5 16. b4 Qxa3 17. Rxd4 Qxb4+ 18.
Qd2 Qb1+ 19. Qd1 $11) 13... Qa5+ 14. Qd2 Qxc5 15. Be4 $5 {keeps the game
complicated.}) 10. cxd5 (10. Bd3 $2 Nxc3 $1) 10... Nxc3 $2 {Missing the
correct idea of recapturing the pawn with Nc5 makes Black's game collapse
quickly.} (10... exd5 $142 11. Be2 Bxc3+ 12. bxc3 Nxc5 13. O-O $11) (10...
Bxc3+ 11. bxc3 exd5 12. Nd4) 11. bxc3 exd5 12. Bd6 (12. Bd3 $2 Be7 $1) 12...
Qa5 $1 13. Bd3 $1 (13. Bxf8 $2 Bxc3+ 14. Nd2 Kxf8 15. Qc2 d4 $44) 13... Re8 (
13... Bxc3+ 14. Kf1 Rd8 15. Qc2 $16 (15. Bxh7+ $16)) 14. O-O Bg4 $6 (14... Be7
15. c4) (14... Ne5 15. Nxe5 Bxe5 16. c4 {are not brilliant either but possibly
the best under the circumstances.}) 15. Qb3 $1 (15. h3 $6 Bxf3 16. Qxf3 Be7)
15... Bxf3 16. gxf3 Ne5 (16... Be7 17. Qxb7 Bxd6 18. cxd6 Ne5 19. Be2) 17. Be2
b6 18. Rfd1 $1 $18 {White is already winning.} (18. Qb4 Nc6 19. Qb5 Rac8 20.
Rfd1) 18... bxc5 19. Rxd5 $2 (19. Qxd5 $142 Rad8 (19... Qxa3 $2 20. Bxe5 Bxe5
21. Bb5) (19... Nd7 20. f4 $18) 20. Qxc5) 19... Qb6 (19... Nd7 $142 $5) 20. Qd1
$1 ({No need to connect the pawns with} 20. Qxb6 axb6 21. f4 Ng6 22. a4 $16)
20... c4 21. f4 Ng6 (21... Nd3 22. Bxd3 cxd3 23. Qxd3 {then the c-pawn walks.
Black has to keep the knight at least to create some play on the kingside.})
22. Bxc4 Ne7 23. Rb5 (23. Rd2 $142 {preparing Be2-f3 is more to the point.})
23... Qc6 24. Rc5 Qe4 25. Qc2 Qxc2 (25... Qf3 26. Be2 Qb7 27. Rb1 {and the
queen is kicked off the dangerous diagonal.}) 26. Rxc2 Rac8 27. Bb5 Red8 28.
Rxc8 Nxc8 29. Be5 (29. Bb4 $5) 29... Nd6 30. c4 Kf8 31. a4 $1 {The simplest.} (
31. Bxf6 gxf6 32. Ba6 Ne8 33. c5 Nc7 34. Bb7) 31... Ke7 32. c5 Ne8 (32... Bxe5
33. fxe5 Nxb5 34. axb5 Rd5 35. f4 $18) 33. Bxe8 Rxe8 34. Bxf6+ gxf6 $5 {
White should be winning with 2 pawns up and the rook behind the passed pawn as
Tarrasch recommended. The only problem is Black's king is in vicinity of the
a-pawn.} (34... Kxf6 35. Kg2) 35. f5 $5 (35. c6 Kd6 36. c7 Rc8 37. Kg2 Rxc7 38.
Rxc7 Kxc7 39. Kh3 Kb6 40. Kg4 Ka5 41. Kf5 Kxa4 42. Kxf6 Kb3 43. Kxf7 a5 44. e4
a4 45. e5 a3 46. e6 a2 47. e7 a1=Q 48. e8=Q {is not methodical.}) 35... Rd8 (
35... Kd7 36. Rd2+ $1 {is the idea behind White's previous move.}) 36. Rb2 Rd1+
37. Kg2 Rc1 38. Rb7+ Kf8 39. Rb5 {Do not hurry! White wants to trade under
better circumstances after advancing his king up to support c5.} (39. Rxa7 Rxc5
40. e4 {and White wins by pushing his pawn to a7 and creating another passed
pawn on the e-file.}) 39... Kg7 40. Ra5 h5 41. h4 Rc4 42. f3 Rc2+ (42... Rxh4
$4 43. e4) 43. Kf1 $5 (43. Kg3 a6 44. e4 Rc1 45. Rxa6 Rxc5 46. Ra8 Rc2 47. a5
Ra2 48. a6 Kh7 49. a7 Kg7 50. f4 {is already mentioned above.}) 43... Kh6 $5 {
Black starts pulling some stalemating tricks} 44. f4 (44. Rxa7 Rxc5 45. e4 $1 {
so care is needed.} (45. Rxf7 $4 Rc1+ 46. Ke2 Rc2+ $11 (46... Re1+ $11))) 44...
Kg7 45. Ke1 Kf8 46. Kd1 Rc4 47. Kd2 Ke8 48. Kd3 Rc1 49. Kd4 Rd1+ 50. Ke4 Rd7 (
50... Rc1 51. Kd5 Rd1+ 52. Kc6 $18) 51. Ra6 Ke7 52. c6 Rc7 53. Kd5 Kd8 54. e4 (
54. Kd6 $6 Rd7+ {does not stalemate this time but White has to rewind it.})
54... Ke7 55. Ra5 Kd8 56. Rb5 Kc8 57. Kd6 a6 58. Rb7 (58. Rb6 Ra7 59. a5 $18)
58... Rxb7 59. cxb7+ Kxb7 60. e5 1-0

[Event "Baden-Baden op"]
[Site "Baden-Baden"]
[Date "2003.07.29"]
[Round "8"]
[White "Atalik, Suat"]
[Black "Doettling, Fabian"]
[Result "1/2-1/2"]
[WhiteElo "2599"]
[BlackElo "2503"]
[Annotator "Atalik,S"]
[PlyCount "83"]
[EventDate "2003.07.24"]
[EventType "swiss"]
[EventRounds "9"]
[EventCountry "GER"]
[SourceTitle "CBM 096"]
[Source "ChessBase"]
[SourceDate "2003.09.25"]
[SourceVersion "1"]
[SourceVersionDate "2003.09.25"]
[SourceQuality "1"]

1. d4 d5 2. c4 e6 3. Nc3 Be7 4. Nf3 Nf6 5. Bf4 O-O 6. e3 Nbd7 7. a3 $5 {
This should not be the way to beat the ever solid Fabian.} c5 8. cxd5 Nxd5 9.
Nxd5 exd5 10. dxc5 Nxc5 11. Be2 ({I could have changed the move order.} 11. Be5
Bf6 12. Be2 (12. Bxf6 Qxf6 13. Qd4 Qxd4 14. Nxd4 Bd7 15. f3 $14) 12... Bxe5 13.
Nxe5 Re8 (13... Qd6 14. Nd3) 14. Nd3 Nxd3+ 15. Qxd3 Qf6 16. O-O Qxb2 17. Bf3
$14) 11... Bg4 ({After} 11... Bf6 {anyway I have to go} 12. Be5 {and the games
steers towards what I have mentioned one move before.} (12. Rc1 $6 Ne4 13. Bc7
Qe7 14. Nd4 Be6 15. Ba5 Be5 16. O-O Rfc8 $1 $36)) 12. Be5 Bf6 (12... Ne6 13. h3
) 13. Bxf6 Qxf6 14. Qd4 Qxd4 15. Nxd4 Bd7 $5 $146 (15... Bxe2 16. Kxe2 $14) 16.
f3 (16. Bf3 Ne4 (16... Be6 $2 17. Ke2 Rfc8 18. Rac1 Kf8 19. Rc2 Ke7 20. Rhc1
$16) 17. Bxe4 dxe4 18. Kd2 Rfc8 19. Rac1 Kf8 20. Rxc8+ Rxc8 21. Rc1 Rxc1 22.
Kxc1 Ke7 $11 {the position or the possible flow of the game is reminiscent of
Yermolinsky-Blatny,Los Angeles(open)1999.}) 16... Rfc8 $6 {He possibly had a
better alternative.} (16... Ne6 17. Nf5 Rfe8 18. Nd6 Red8 19. Rc1 Bc6 20. Nf5
d4 21. Kd2 Kf8 22. Bc4 g6 $11) 17. Kd2 Kf8 {He prefers to defend in a
classical fashion.} (17... Ne6 $5 18. Nf5 Kf8 19. g4 g6 20. Nd4 $14) 18. Bd3
Ke7 19. Rac1 $6 {The type of position requires very exact play if you show
some inaccuracies in your moves things may go bad and you may draw at the end!}
(19. h4 g6 20. h5 Ne6 21. Nxe6 Bxe6 22. g4 $14) 19... g6 20. h4 Ne6 21. Rxc8
Rxc8 22. Nxe6 Bxe6 23. Rc1 $5 {I have decided to try my chances in the bishops
ending but my expectations from my position turn out to be too high.} Rxc1 24.
Kxc1 h6 $1 25. Kd2 g5 $5 {I was happy at that moment that he did not chose the
other line.} (25... a5 26. Kc3 b6 27. Kd4 Kd6 28. g4 g5 29. h5 f6 $11) 26. hxg5
hxg5 27. Kc3 Kd6 28. b4 Bd7 29. Kd4 f6 {He rightfully waits to move his b pawn.
} (29... b6 30. Ba6) 30. b5 b6 ({A cheapo idea connected with Bh3 seemingly
backfires.} 30... g4 $5 31. f4 g3 32. Be2 b6 33. a4 f5 34. Bh5 Be6 35. Be8 Bg8
36. Bc6 $11) 31. g4 Be8 $1 {The right diagonal.} ({But even in the other case
I could not demonstrate a win for white.} 31... Bc8 32. Bf5 Bb7 33. f4 a6 $1
$11 (33... Ba8 $6 34. fxg5 fxg5 35. e4 Bb7 36. e5+ Ke7 37. a4 Kf7 38. Ke3 Ke7
39. Kd3 Kf7 40. Kd4 Ke7 {and what is next?})) 32. a4 Bf7 33. Bc2 Be6 $5 {
He could achive a draw by another way too.} (33... Bg8 34. Bb1 Bf7 35. Ba2 Bg6
36. Bxd5 Bc2 $11) 34. Bb3 Bf7 35. f4 ({Extra pawn does not bring the desired
result in the following case.} 35. e4 Be6 36. Bxd5 Bc8 $11) 35... Be6 36. f5
Bf7 37. e4 Bg8 38. Ba2 Bf7 39. Bb3 Bg8 40. Bxd5 Bxd5 41. exd5 Kd7 $11 {After
black gets this position,my king can not pass to the other camp.} 42. Kd3
1/2-1/2

[Event "SLO-chT 09th"]
[Site "Bled"]
[Date "1999.11.10"]
[Round "3"]
[White "Atalik, Suat"]
[Black "Beliavsky, Alexander G"]
[Result "1/2-1/2"]
[WhiteElo "2598"]
[BlackElo "2618"]
[Annotator "Atalik,S"]
[PlyCount "120"]
[EventDate "1999.11.08"]
[EventType "team-tourn"]
[EventRounds "7"]
[EventCountry "SLO"]
[SourceTitle "EXT 2000"]
[Source "ChessBase"]
[SourceDate "1999.11.16"]
[SourceVersion "1"]
[SourceVersionDate "1999.11.16"]
[SourceQuality "1"]
[WhiteTeam "Tolmin AET"]
[BlackTeam "Ptuj"]
[WhiteTeamCountry "SLO"]
[BlackTeamCountry "SLO"]

1. d4 Nf6 2. c4 e6 3. Nf3 d5 4. Nc3 Be7 5. Qc2 $5 {This "mini move"leads to
more interesting positions than Makagonov's line.} Na6 $5 6. Bg5 O-O 7. cxd5 $1
$146 Nb4 8. Qb1 Nbxd5 9. e4 Nxc3 10. bxc3 c5 11. Bd3 h6 12. Bd2 $1 b6 13. O-O
Bb7 {White seems to have the upper hand.The position looks very similar to
Petrosian System of QID schemata.} 14. a4 $5 (14. Re1 Qc8 15. Bf4 $5 (15. a4
Ba6 16. Bc2 Qc7) (15. e5 Nd5) 15... Ba6 16. Bc2 Rd8 $132) 14... Qc8 15. a5 $6 (
15. Re1 Ba6 16. Bc2 (16. Bxa6 Qxa6 17. Qb5 Qb7 18. Qd3 $11 (18. a5 $2 Nxe4 19.
a6 Qd5 20. c4 Qf5 $19)) 16... Qc7 $132) (15. Rc1 $1 Ba6 16. Bc2 Qc7 17. e5 $14)
15... Ba6 16. Bxa6 Qxa6 17. e5 (17. axb6 Qxb6 18. e5 (18. Qxb6 axb6 19. e5 Nd5
20. c4 Nb4 $13 (20... Nc7 21. Be3)) 18... Nd5 19. c4 Nb4 (19... Qxb1 20. Rfxb1
Nb6 21. dxc5 Nxc4 22. c6 Nxd2 23. Nxd2 a5 24. Rb7 Bb4 25. Nc4 $16) 20. Bxb4 (
20. Qe4 cxd4 21. Nxd4 a5) 20... cxb4 21. c5 Qb5 22. Qb3 a5 23. Qa4 $13) 17...
Nd5 18. axb6 Qxb6 19. Qe4 $5 (19. c4 {would have transposed to the previous
note.}) 19... cxd4 20. Rfb1 Qc7 21. cxd4 Rfc8 ({I was expecting} 21... Rfb8 22.
Rc1 Qd7 23. h4 $5 (23. Qg4 Kf8 24. Qe4 Ke8)) 22. Qg4 Kf8 23. Rc1 (23. Qe4 $2
Qc2) 23... Qd7 24. Rxc8+ Rxc8 25. h4 Bb4 $1 {o^a} 26. Bxb4+ Nxb4 27. Qe4 Kg8
28. Qe2 {White's Qshould occupy some critical squares in queens wing.} (28. Qb1
$2 Nc2) 28... Nc6 29. Qa6 Rc7 {looks like losing a tempo.} (29... Rb8 $142 30.
Ra4 $1 (30. Qc4 Rb6 31. Qc5 (31. Ra6 $2 Rxa6 32. Qxa6 Nxd4 33. Nxd4 Qxd4 34.
Qc8+ Kh7 $19) 31... Nb4 $15) 30... Rb6 31. Qc4 a5 32. Qc5 $3 Rb1+ 33. Kh2 Nxe5
$1 (33... Rb2 34. Rc4) 34. Nxe5 Qxa4 35. Qe7 $1 Kh7 36. Qxf7 Qc2 (36... Rb8 37.
Qg6+ Kg8 38. Qxe6+ Kh8 39. Nf7+ Kh7 40. Qf5+ Kg8 41. Nxh6+ (41. Qg6 $11) 41...
gxh6 42. Qg6+ Kh8 43. Qxh6+ Kg8 44. Qe6+ Kh7 $11) 37. Nd7 $11) 30. Ra4 Rb7 31.
Rc4 Rb6 32. Qa4 Qd5 33. Qc2 g6 $1 {Luft is always good.} (33... Rb2 34. Qc3)
34. Kh2 Kg7 35. Qc3 Ne7 36. Ra4 $1 Rb3 $6 (36... Nf5 $2 37. Rxa7 Rb3 $2 (37...
Qe4 38. Rxf7+ (38. Qc7 Qf4+ 39. Kh3 Nxh4 40. Nxh4 Rb1 41. g3 Qxf2 42. Qc6 Qxd4
43. Rd7 (43. Ra5 $2 Rb3) 43... Qxe5 44. Qc2 Rh1+ 45. Kg2 $18) 38... Kxf7 39.
Qc7+ $18) (37... Rc6 38. Qd3) 38. Qc7 $18) (36... Rb1 $2 37. Rxa7 Nf5 38. Qc7
$18) (36... Rb7 $1 37. Qa3 $1 (37. Qc5 $2 Qe4 38. Rxa7 Qf4+ 39. Kh3 Rb1 $19)
37... Nf5 38. Rxa7 Rb3 39. Qa2 Nxd4 40. Nxd4 Qxe5+ 41. Kg1 Qxd4 42. Rxf7+ Kxf7
43. Qxb3 Qxh4 $15) 37. Qc5 Rb7 $1 (37... Qe4 38. Qxe7 Qf4+ 39. g3 Qxf3 40. Qf6+
Qxf6 41. exf6+ Kxf6 42. Rxa7 $11) 38. Qxd5 Nxd5 39. g4 $1 Kf8 40. Kg3 Kg7 (
40... Ke7 41. Nd2) (40... Ke8 41. Nd2) 41. Ra6 {draw offer.} h5 42. Ng5 $1 hxg4
43. Kxg4 Rd7 44. Nf3 Nb4 45. Ra4 Nc6 46. Rc4 (46. h5 $11) 46... Ne7 47. Ra4 Kh6
48. Ra6 Nf5 49. Ra4 {A position with mutual zugzwang.} Rc7 50. Ra6 Kg7 51. h5
gxh5+ 52. Kxh5 Rc2 53. Rxa7 Rxf2 54. Kg4 $11 Rf1 55. Ra8 Rf2 56. Rd8 Rg2+ 57.
Kf4 Ne7 58. Nh4 $1 Re2 59. Kg3 Re4 60. Rd7 Kf8 (60... Nd5 61. Nf5+ $1) (60...
Kf8 61. Rd8+ Kg7 62. Rd7 $11) 1/2-1/2